De Tutankamen a Nasser o la novela de Africa (Record no. 39346)

MARC details
000 -LEADER
campo de control de longitud fija 00740nam a2200217 i 4500
001 - NÚMERO DE CONTROL
campo de control 39346
003 - IDENTIFICADOR DE NÚMERO DE CONTROL
campo de control ES-MaACL
005 - FECHA Y HORA DE LA ÚLTIMA TRANSACCIÓN
campo de control 20260209164050.0
007 - CAMPO FIJO DE DESCRIPCIÓN FÍSICA--INFORMACIÓN GENERAL
campo de control de longitud fija t|
008 - DATOS DE LONGITUD FIJA--INFORMACIÓN GENERAL
campo de control de longitud fija 030227s1962 sp ||||1| spa d
100 1# - ENTRADA PRINCIPAL--NOMBRE DE PERSONA
Nombre de persona Calle Iturrino, Esteban.
9 (RLIN) 33706
245 10 - MENCIÓN DEL TÍTULO
Título De Tutankamen a Nasser o la novela de Africa
Resto del título : ensayos históricos /
Mención de responsabilidad, etc. E. Calle Iturrino.
260 ## - PUBLICACIÓN, DISTRIBUCIÓN, ETC.
Lugar de publicación, distribución, etc. Bilbao :
Nombre del editor, distribuidor, etc. [s.n.,
Fecha de publicación, distribución, etc. 1962] (
Fabricante Gráf. Santa Casa de Misericordia)
300 ## - DESCRIPCIÓN FÍSICA
Extensión 140 p., 3 lám., 1 map. pleg. ;
Dimensiones 24 cm.
500 ## - NOTA GENERAL
Nota general La primera lamina, retr. del autor.
651 #4 - PUNTO DE ACCESO ADICIONAL DE MATERIA--NOMBRE GEOGRÁFICO
Nombre geográfico África-
Subdivisión general Historia
9 (RLIN) 7595
852 ## - LOCALIZACIÓN
Ubicación ES-MaACL
Número de control de estantería C-24787
Sublocalización o colección R.52901
852 ## - LOCALIZACIÓN
Ubicación ES-MaACL
Número de control de estantería C-22502
Sublocalización o colección R.51209
852 ## - LOCALIZACIÓN
Ubicación ES-MaACL
Número de control de estantería C-25358
Sublocalización o colección R.52902
Holdings
Estatus retirado Estado de pérdida Estado de daño No para préstamo Biblioteca de origen Biblioteca actual Ubicación en estantería Fecha de adquisición Fuente de adquisición Total de préstamos Signatura topográfica completa Código de barras Visto por última vez Precio de reemplazo Tipo de ítem Koha
        Biblioteca del Ateneo de Madrid Biblioteca del Ateneo de Madrid Depósito 2 17/01/2008     C-25358 1041438 23/02/2023 23/02/2023 Libro impreso
        Biblioteca del Ateneo de Madrid Biblioteca del Ateneo de Madrid Depósito 2 17/01/2008     C-24787 1041436 23/02/2023 23/02/2023 Libro impreso
        Biblioteca del Ateneo de Madrid Biblioteca del Ateneo de Madrid Galería 17/01/2008     C-22502 1041437 23/02/2023 23/02/2023 Libro impreso